000 00644nam a22002057a 4500
008 151024b xxu||||| |||| 00| 0 eng d
020 _a978-0-7456-5470-6 (paperback)
082 _aDC 302.23
_bR63
100 _9164
_aRobertson, Alexa
245 _aMedia and politics in a globalizing world/
_cAlexa Robertson
260 _aCambridge, UK
_bPolity Press
_cc2015
300 _axiv, 239 pages;
_c25 cm.
500 _aIncludes index.
650 0 _9165
_aMass media
_xPolitical aspects
650 0 _9166
_aPress and politics
650 0 _9167
_aElite (Social sciences)
650 0 _9168
_aGlobalization
365 _b4,200.00
_cPHP.
942 _2ddc
_cDC
999 _c100
_d100